[Event "III DOLNOSLASKA LIGA SZACHOWA 2019/2020"]
[Site "Dolny Slask"]
[Date "1899-12-30"]
[Round "6.28"]
[White "Grzesik, Norbert"]
[Black "Witkowski, Krzysztof"]
[Result "1/2-1/2"]
[WhiteTitle "I++"]
[BlackTitle "I"]
[WhiteElo "2015"]
[BlackElo "1743"]

1. e4 c5 2. Nf3 Nc6 3. d4 cxd4 4. Nxd4 Nf6 5. Nc3 e5 6. Ndb5 d6 7. Bg5 a6 8. Na3
b5 9. Bxf6 gxf6 10. Nd5 Bg7 11. Bd3 Ne7 12. Nxe7 Qxe7 13. c4 f5 14. O-O Bb7 15.
Qf3 fxe4 16. Bxe4 Bxe4 17. Qxe4 O-O 18. cxb5 d5 19. Qxd5 e4 20. Rae1 Rfd8 21.
Qxe4 Qxe4 22. Rxe4 axb5 23. Rb4 Bxb2 24. Rxb2 Rxa3 25. Re1 b4 26. g3 Rdd3 27.
Re3 Rd1+ 28. Kg2 Ra1 29. Rxa3 bxa3 30. Rd2 Kg7 31. Kf3 Kf6 32. Ke3 Kf5 33. Kd3
Kg4 34. Kc3 Rb1 35. Rd4+ Kf3 36. Rf4+ Kg2 37. Ra4 Kxh2 38. Rxa3 Rf1 39. Kd4 Rxf2
40. Ke4 f5+ 41. Ke5 h5 42. Rc3 1/2-1/2

[Event "III DOLNOSLASKA LIGA SZACHOWA 2019/2020"]
[Site "Dolny Slask"]
[Date "1899-12-30"]
[Round "6.29"]
[White "Murawski, Eugeniusz"]
[Black "Paprocki, Artur"]
[Result "0-1"]
[WhiteTitle "I+"]
[BlackTitle "I"]
[WhiteElo "1831"]
[BlackElo "1825"]

1. e4 c5 2. Nf3 Nc6 3. Bb5 g6 4. O-O Bg7 5. c4 Nf6 6. Re1 O-O 7. Nc3 d6 8. h3 e5
9. d3 h6 10. Be3 Nd4 11. Ba4 Be6 12. Rb1 Ne8 13. Bxd4 cxd4 14. Nd5 f5 15. Bxe8
Rxe8 16. b4 f4 17. Kh2 g5 18. Nd2 Rf8 19. Qh5 Bf7 20. Qe2 h5 21. g3 Qd7 22. Rg1
g4 23. hxg4 hxg4 24. f3 Bxd5 25. cxd5 Bh6 26. fxg4 fxg3+ 27. Kxg3 Be3 28. Rbf1
Bxg1 29. Rxg1 Rf4 30. Nf3 Rxg4+ 31. Kf2 Rxg1 32. Kxg1 Qg4+ 33. Kf2 Rf8 34. a4
Rf4 35. b5 Kf8 36. a5 Qh4+ 37. Kg2 Rg4+ 0-1

[Event "III DOLNOSLASKA LIGA SZACHOWA 2019/2020"]
[Site "Dolny Slask"]
[Date "1899-12-30"]
[Round "6.30"]
[White "Woznica, Alicja"]
[Black "Zielezinska, Zuzanna"]
[Result "0-1"]
[WhiteTitle "II+"]
[BlackTitle "II"]
[WhiteElo "1117"]
[BlackElo "1134"]

1. e4 b6 2. d4 e6 3. f4 d6 4. Nf3 Nd7 5. e5 Bb7 6. Nc3 f6 7. Qe2 Qe7 8. Nb5 Nb8
9. f5 a6 10. exd6 cxd6 11. Nc3 e5 12. dxe5 fxe5 13. Ng5 Nf6 14. Ne6 Bc8 15. Bg5
Bxe6 16. fxe6 Qxe6 17. Bxf6 Qxf6 18. Nd5 Qd8 19. Qc4 Ra7 20. O-O-O b5 21. Qg4
Qd7 22. Qh5+ Qf7 23. Qh3 Qd7 24. Qe3 Be7 25. Nb6 Qd8 26. Kb1 O-O 27. Bd3 Bg5 28.
Qh3 g6 29. Qe6+ Raf7 30. Rhf1 Qxb6 31. Rxf7 Rxf7 32. Rf1 Qc7 33. Qe8+ Kg7 34.
Rxf7+ Qxf7 35. Qxb8 e4 36. Be2 Qf2 37. Bd1 Qd2 38. a3 Qxd1+ 39. Ka2 0-1